| 000 | 00820nam a22002297a 4500 | ||
|---|---|---|---|
| 005 | 20150417110937.0 | ||
| 010 | _aENG-112539 | ||
| 020 |
_a9789381904619 _c1599.00 |
||
| 035 | _aEN-96071 | ||
| 037 | _bDBAD/PUB | ||
| 082 | _a327.51 | ||
| 245 | 0 | 0 |
_aChallenges to Chinese foreign policy : _cedited by Yufan Hao, C.X. George Wei [and] Lowell Dittmer _bdiplomacy, globalization and the next world power / |
| 260 |
_aNew Delhi _bKW Publishers _c2013 (repr.) |
||
| 270 |
_a4676/21, First Floor, Ansari Road, Daryaganj, _bNew Delhi _e110002 |
||
| 300 |
_avi,377p. _c24cm(Hb) |
||
| 490 | _aAsia in the new millennium | ||
| 500 | _aIncludes bibliographical references and index. | ||
| 700 | _aHao, Yufan | ||
| 700 | _aWei, C.X. George | ||
| 700 | _aDittmer, Lowell | ||
| 942 |
_2ddc _cEN _mCHA _h327.51 |
||
| 999 |
_c92606 _d92606 |
||